书目信息 |
| 题名: |
数字滤波器的MATLAB与FPGA实现
|
|
| 作者: | 杜勇 编著 | |
| 分册: | ||
| 出版信息: | 北京 电子工业出版社 2019.06 |
|
| 页数: | 16, 345页 | |
| 开本: | 26cm | |
| 丛书名: | ||
| 单 册: | ||
| 中图分类: | TN713 | |
| 科图分类: | ||
| 主题词: | 数字滤波器--shu zi lv bo qi--Matlab软件 , 现场可编程门阵列--xian chang ke bian cheng men zhen lie--应用--数字滤波器 | |
| 电子资源: | ||
| ISBN: | 978-7-121-36609-3 | |
| 000 | 01083nam0 2200253 450 | |
| 001 | 2029415557 | |
| 005 | 20201120083450.01 | |
| 010 | @a978-7-121-36609-3@dCNY88.00 | |
| 100 | @a20190806d2019 em y0chiy50 ea | |
| 101 | 0 | @achi |
| 102 | @aCN@b110000 | |
| 105 | @aa z 000yy | |
| 106 | @ar | |
| 200 | 1 | @a数字滤波器的MATLAB与FPGA实现@9shu zi lv bo qi de MATLAB yu FPGA shi xian@eAltera/Verilog版@f杜勇编著 |
| 205 | @a2版 | |
| 210 | @a北京@c电子工业出版社@d2019.06 | |
| 215 | @a16, 345页@c图@d26cm | |
| 330 | @a本书以Altera公司的FPGA器件为开发平台,采用MATLAB及VerilogHDL语言开发工具,详细阐述了数字滤波器的实现原理、结构、方法及仿真测试过程,并通过大量工程实例分析其在FPGA实现过程中的具体技术细节。其主要内容包括FIR滤波器、IIR滤波器、多速率滤波器、自适应滤波器、变换域滤波器、解调系统的滤波器设计等。 | |
| 606 | 0 | @a数字滤波器@9shu zi lv bo qi@xMatlab软件 |
| 606 | 0 | @a现场可编程门阵列@9xian chang ke bian cheng men zhen lie@x应用@x数字滤波器 |
| 690 | @aTN713@v5 | |
| 701 | 0 | @a杜勇@9du yong@4编著 |
| 801 | 0 | @aCN@bBJSZM@c20201119 |
| 905 | @b1243760-3@dTN713@e381=2@f4 | |
| 数字滤波器的MATLAB与FPGA实现:Altera/Verilog版/杜勇编著.-2版.-北京:电子工业出版社,2019.06 |
| 16, 345页:图;26cm |
| ISBN 978-7-121-36609-3:CNY88.00 |
| 本书以Altera公司的FPGA器件为开发平台,采用MATLAB及VerilogHDL语言开发工具,详细阐述了数字滤波器的实现原理、结构、方法及仿真测试过程,并通过大量工程实例分析其在FPGA实现过程中的具体技术细节。其主要内容包括FIR滤波器、IIR滤波器、多速率滤波器、自适应滤波器、变换域滤波器、解调系统的滤波器设计等。 |
| ● |
| 相关链接 |
|
|
|
|
正题名:数字滤波器的MATLAB与FPGA实现
索取号:TN713/381=2
 
预约/预借
| 序号 | 登录号 | 条形码 | 馆藏地/架位号 | 状态 | 备注 |
| 1 | 1243760 | 212437601 | 第二样本阅览室/ [索取号:TN713/381=2] | 在馆 | |
| 2 | 1243761 | 212437610 | 第三借阅区/ [索取号:TN713/381=2] | 在馆 | |
| 3 | 1243762 | 212437629 | 第三借阅区/ [索取号:TN713/381=2] | 在馆 | |
| 4 | 1243763 | 212437638 | 第三借阅区/ [索取号:TN713/381=2] | 在馆 |